• 首页
  • 本馆介绍
  • 公告通知
  • 最新文献
  • 馆藏检索
  • 电子资源
  • 读者荐购
  • 参考咨询
  • CALIS
  • 我的图书馆
  • 登录
  • 详细信息显示
  • 放入我的书架
  • 预约/预借图书
  • 作者相关作品
  • 分类相关作品
  • 丛书相关作品
  • 出版社相关作品

书目信息

  • 表格格式
  • 工作单格式
  • 卡片格式
题名:
注册道路工程师执业资格考试基础考试复习教程
    
 
作者: 魏道升 , 张铭 主编 ;注册工程师考试复习用书编委会 编
分册: 下册  
出版信息: 北京   人民交通出版社股份有限公司  2019.03
页数: 398页
开本: 26cm
丛书名:
单 册:
中图分类: U41
科图分类:
主题词: 道路工程--dao lu gong cheng--资格考试--自学参考资料
电子资源:
ISBN: 978-7-114-15401-0
 
 
 
 
 
000 01446nam0 2200289 450
001 202019134189
005 20191002113833.0
010    @a978-7-114-15401-0@dCNY88.00
100    @a20190928d2019 em y0chiy50 ea
101 0  @achi
102    @aCN@b110000
105    @aak a 000yy
106    @ar
200 1  @a注册道路工程师执业资格考试基础考试复习教程@Azhu ce dao lu gong cheng shi zhi ye zi ge kao shi ji chu kao shi fu xi jiao cheng@h下册@f注册工程师考试复习用书编委会编@g魏道升, 张铭主编
205    @a第2版
210    @a北京@c人民交通出版社股份有限公司@d2019.03
215    @a398页@c图@d26cm
300    @a2019全国勘察设计注册工程师执业资格考试用书
320    @a有书目 (第398页)
330    @a本书根据2019版考试大纲及近几年相关执业资格考试真题编写, 内容贴合考试实际, 是考生复习的必备教材。本书编写人员是多年从事道路工程教学、设计和公路工程相关执业资格考试培训工作的专家。本书内容以现行考试大纲和近几年相近注册执业资格考试培训的经验为依据, 以最新规范、教材为基础进行编写, 力求简明扼要, 联系实际, 着重对概念和规范的理解应用, 并注意突出重点。教程的每一章节后均附有习题, 可以检验考生复习效果。
606 0  @a道路工程@Adao lu gong cheng@x资格考试@j自学参考资料
690    @aU41@v5
701  0 @a魏道升@Awei dao sheng@4主编
701  0 @a张铭@Azhang ming@4主编
712 02 @a注册工程师考试复习用书编委会@Azhu ce gong cheng shi kao shi fu xi yong shu bian wei hui@4编
801  0 @aCN@c20190905
905    @a河南城建学院图书馆@dU41@eW583=2
    
    注册道路工程师执业资格考试基础考试复习教程.下册/注册工程师考试复习用书编委会编/魏道升, 张铭主编.-第2版.-北京:人民交通出版社股份有限公司,2019.03
    398页:图;26cm
    2019全国勘察设计注册工程师执业资格考试用书
    
    ISBN 978-7-114-15401-0:CNY88.00
    本书根据2019版考试大纲及近几年相关执业资格考试真题编写, 内容贴合考试实际, 是考生复习的必备教材。本书编写人员是多年从事道路工程教学、设计和公路工程相关执业资格考试培训工作的专家。本书内容以现行考试大纲和近几年相近注册执业资格考试培训的经验为依据, 以最新规范、教材为基础进行编写, 力求简明扼要, 联系实际, 着重对概念和规范的理解应用, 并注意突出重点。教程的每一章节后均附有习题, 可以检验考生复习效果。
●
相关链接 在E读中查询图书 在当当中查询图书 在豆瓣中查询图书


正题名:注册道路工程师执业资格考试基础考试复习教     索取号:U41/W583=2         预约/预借

序号 登录号 条形码 馆藏地/架位号 状态 备注
1 1441987   214419878   自科库501/501自科库 50排6列3层/ [索取号:U41/W583=2] 在馆    
2 1441988   214419887   自科库501/501自科库 50排6列3层/ [索取号:U41/W583=2] 在馆    
河南城建学院图书馆 欢迎您!
大连网信软件有限公司© 版权所有